000 00517nam a2200193 a 4500
001 1766481191170
003 YourLibrary
005 20251223144446.0
008 251223s1999##################000#0#eng##
020 _a9780393316360
082 0 4 _a616.9792
_bWAR
100 1 _aWard, Darrell E.,
_eauthor.
245 1 0 _aThe AmFAR AIDS Handbook :
260 _bW. W. Norton & Company,
_c1999.
300 _a500 pages
650 0 _aFamily & Relationships.
942 _cENGLISH
040 _aYourLibrary
_beng
_cYourLibrary
999 _c604238
_d604238